Complete the Card - WWE Survivor Series 2002 - Statistics

General Stats
  • This quiz has been taken 307 times
  • The average score is 21 of 24
Answer Stats
Answer % Correct
Triple H
97%
Shawn Michaels
96%
Kane
95%
Chris Jericho
94%
Brock Lesnar
93%
Bubba Ray Dudley
93%
Edge
93%
Rob Van Dam
93%
Spike Dudley
93%
Trish Stratus
93%
Booker T
92%
Chris Benoit
92%
Jeff Hardy
92%
Kurt Angle
92%
Rey Mysterio
92%
Eddie Guerrero
91%
The Big Show
91%
Chavo Guerrero
90%
Victoria
82%
Jamie Noble
72%
Billy Kidman
70%
Rosey
67%
Jamal
66%
Rico
66%
No matching quizzes found
Score Distribution
Percent of People with Each Score
Percentile by Number Answered
Your Score History
You have not taken this quiz